000 00523nam a2200193Ia 4500
005 20250326141926.0
008 250326s9999 xx 000 0 und d
037 _aTextbook
040 _aFMSL
_beng
_cFMSL
041 _aeng
_2eng
084 _qFMSL
100 _aHart Norman A
245 0 _aHow to get on in marketing : A carrier development guide
_cHart Norman A; Waite Norman E
250 _a3rd
260 _aLondon
_bLondon, Kogan Page
_c1987
300 _a153p
942 _cTB
999 _c1292631
_d1292631